Mechanoelectrical transformations in heterogeneous materials with piezoelectric inclusions; Technical Physics; Vol. 56, iss. 8

Detaylı Bibliyografya
Parent link:Technical Physics: Scientific Journal
Vol. 56, iss. 8.— 2011.— [P. 1112-1117]
Yazar: Fursa T. V. Tatyana Viktorovna
Diğer Yazarlar: Dann D. D. Denis Dmitrievich
Özet:Title screen
Mechanoelectrical transformations are studied on models with different geometries and piezoelectric inclusion concentrations. The electrical signal intensity is found to decrease with increasing depth of a piezoelectric source relative to the position of an electrical signal detector. The electrical signal is the difference between signals from the unlikely charged surfaces of the piezoelectric source being deformed by an acoustic excitation wave. The spectral amplitudes of electrical signals coming from different regions of one sample and from identical (in composition) samples containing a large amount of piezoelectric inclusions differ considerably. This difference is due to the random orientation of the quartz piezoelectric axes relative to the electrical detector. Therefore, nondestructive mechanoelectrical techniques for inspection of heterogeneous materials with piezoelectric inclusions must use amplitude-independent criteria
Режим доступа: по договору с организацией-держателем ресурса
Dil:İngilizce
Baskı/Yayın Bilgisi: 2011
Konular:
Online Erişim:http://link.springer.com/article/10.1134/S1063784211080093
Materyal Türü: MixedMaterials Elektronik Kitap Bölümü
KOHA link:https://koha.lib.tpu.ru/cgi-bin/koha/opac-detail.pl?biblionumber=636929

MARC

LEADER 00000nla0a2200000 4500
001 636929
005 20250409090653.0
035 |a (RuTPU)RU\TPU\network\993 
090 |a 636929 
100 |a 20140416d2011 k||y0rusy50 ba 
101 0 |a eng 
102 |a US 
135 |a drnn ---uucaa 
181 0 |a i  
182 0 |a b 
200 1 |a Mechanoelectrical transformations in heterogeneous materials with piezoelectric inclusions  |f T. V. Fursa, D. D. Dann 
203 |a Text  |c electronic 
300 |a Title screen 
320 |a [References: p. 1117 (4 tit.)] 
330 |a Mechanoelectrical transformations are studied on models with different geometries and piezoelectric inclusion concentrations. The electrical signal intensity is found to decrease with increasing depth of a piezoelectric source relative to the position of an electrical signal detector. The electrical signal is the difference between signals from the unlikely charged surfaces of the piezoelectric source being deformed by an acoustic excitation wave. The spectral amplitudes of electrical signals coming from different regions of one sample and from identical (in composition) samples containing a large amount of piezoelectric inclusions differ considerably. This difference is due to the random orientation of the quartz piezoelectric axes relative to the electrical detector. Therefore, nondestructive mechanoelectrical techniques for inspection of heterogeneous materials with piezoelectric inclusions must use amplitude-independent criteria 
333 |a Режим доступа: по договору с организацией-держателем ресурса 
461 |t Technical Physics  |o Scientific Journal 
463 |t Vol. 56, iss. 8  |v [P. 1112-1117]  |d 2011 
610 1 |a электронный ресурс 
610 1 |a труды учёных ТПУ 
700 1 |a Fursa  |b T. V.  |c specialist in the field of non-destructive testing  |c Leading researcher of Tomsk Polytechnic University, Doctor of technical sciences  |f 1951-  |g Tatyana Viktorovna  |3 (RuTPU)RU\TPU\pers\32190 
701 1 |a Dann  |b D. D.  |c specialist in the field of electrical engineering  |c Engineer-researcher of Tomsk Polytechnic University  |f 1987-  |g Denis Dmitrievich  |3 (RuTPU)RU\TPU\pers\32192 
801 2 |a RU  |b 63413507  |c 20180316  |g RCR 
856 4 |u http://link.springer.com/article/10.1134/S1063784211080093 
942 |c CF